01282nam a2200301Ia 4500001001200000003000800012006001900020007001500039008004100054020001800095040002100113035002100134050002300155100002200178245014700200260007700347300002500424490001700449500001700466504005100483533015200534650005800686650004600744655002900790710001700819830001800836856012600854ebr10112450CaPaEBRm u cr cn|||||||||031202s2003 caua sb 001 0 eng d z9780738453248 aCaPaEBRcCaPaEBR a(OCoLC)64746641614aQA76.76.A65 2003eb1 aCastets, Gustavo.10aIBM totalstorage enterprise storage server model 800 performance monitoring and tuning guideh[electronic resource] /cGustavo Castets, et al. aSan Jose, CA :bIBM International Technical Support Organization,c2003. axxiv, 474 p. :bill.1 aIBM redbooks a"July 2003." aIncludes bibliographical references and index. aElectronic reproduction.bPalo Alto, Calif. :cebrary,d2009.nAvailable via World Wide Web.nAccess may be limited to ebrary affiliated libraries. 0aEnterprise application integration (Computer systems) 0aStorage area networks (Computer networks) 7aElectronic books.2local2 aebrary, Inc. 0aIBM redbooks.40uhttp://site.ebrary.com/lib/rucke/Doc?id=10112450zAn electronic book accessible through the World Wide Web; click to view